The Kotsina-Kuskulana district, Alaska, (Record no. 26233)

MARC details
000 -LEADER
fixed length control field 01026cam a22002771 4500
001 - CONTROL NUMBER
control field gs 23000150
003 - CONTROL NUMBER IDENTIFIER
control field DLC
005 - DATE AND TIME OF LATEST TRANSACTION
control field 20260227111327.0
008 - FIXED-LENGTH DATA ELEMENTS--GENERAL INFORMATION
fixed length control field 770317s1923 dcuab b f000 0 eng c
010 ## - LIBRARY OF CONGRESS CONTROL NUMBER
LC control number gs 23000150
040 ## - CATALOGING SOURCE
Original cataloging agency U.S. Geol. Survey. Library (200) E no. 745
Transcribing agency ak
Modifying agency DLC
043 ## - GEOGRAPHIC AREA CODE
Geographic area code n-us-ak
050 00 - LIBRARY OF CONGRESS CALL NUMBER
Classification number QE75
Item number .B9 no. 745
051 ## - LIBRARY OF CONGRESS COPY, ISSUE, OFFPRINT STATEMENT
Classification number TN24.A4
Item number M5 copy undetermined
051 ## - LIBRARY OF CONGRESS COPY, ISSUE, OFFPRINT STATEMENT
Classification number TN24.A4
Item number M5
Copy information Copy 2.
100 1# - MAIN ENTRY--PERSONAL NAME
Personal name Moffit, Fred H.
Fuller form of name (Fred Howard),
Dates associated with a name 1874-1958?
245 14 - TITLE STATEMENT
Title The Kotsina-Kuskulana district, Alaska,
Statement of responsibility, etc. by Fred H. Moffit and J. B. Mertie, jr.
260 ## - PUBLICATION, DISTRIBUTION, ETC.
Place of publication, distribution, etc. Washington,
Name of publisher, distributor, etc. Govt. print. off.,
Date of publication, distribution, etc. 1923.
300 ## - PHYSICAL DESCRIPTION
Extent ix, 149 p.
Other physical details illus., XIX pl. (part fold.; incl. maps) fold. tables.
Dimensions 23 cm.
490 0# - SERIES STATEMENT
Series statement [United States.] Geological survey. Bulletin 745
500 ## - GENERAL NOTE
General note At head of title: Department of the interior.
500 ## - GENERAL NOTE
General note Two maps folded in pocket.
504 ## - BIBLIOGRAPHY, ETC. NOTE
Bibliography, etc. note Bibliographical foot-notes.
650 #0 - SUBJECT ADDED ENTRY--TOPICAL TERM
Topical term or geographic name entry element Geology
Geographic subdivision Alaska.
700 1# - ADDED ENTRY--PERSONAL NAME
Personal name Mertie, John Beaver,
Dates associated with a name 1888-
Relator term joint author.

No items available.

Powered by Koha